Viajes de estudio del profesorado / (Record no. 84655)

MARC details
000 -LEADER
campo de control de longitud fija 00617nam a2200181 i 4500
001 - NÚMERO DE CONTROL
campo de control 84655
003 - IDENTIFICADOR DE NÚMERO DE CONTROL
campo de control ES-MaACL
005 - FECHA Y HORA DE LA ÚLTIMA TRANSACCIÓN
campo de control 20250531063031.0
007 - CAMPO FIJO DE DESCRIPCIÓN FÍSICA--INFORMACIÓN GENERAL
campo de control de longitud fija t|
008 - DATOS DE LONGITUD FIJA--INFORMACIÓN GENERAL
campo de control de longitud fija 041123s1960 sp ||||1| spa d
100 1# - ENTRADA PRINCIPAL--NOMBRE DE PERSONA
Nombre de persona Jiménez de Gregorio, Fernando,
Fechas asociadas al nombre 1911-2012
9 (RLIN) 66505
245 10 - MENCIÓN DEL TÍTULO
Título Viajes de estudio del profesorado /
Mención de responsabilidad, etc. por Fernando Giménez de Gregorio.
260 ## - PUBLICACIÓN, DISTRIBUCIÓN, ETC.
Lugar de publicación, distribución, etc. Madrid :
Nombre del editor, distribuidor, etc. Dirección General de Enseñanza Media,
Fecha de publicación, distribución, etc. 1960.
300 ## - DESCRIPCIÓN FÍSICA
Extensión 27 p. ;
Dimensiones 24 cm.
500 ## - NOTA GENERAL
Nota general Del Ministerio de Educación Nacional Cuadernos didácticos.
852 ## - LOCALIZACIÓN
Ubicación ES-MaACL
Número de control de estantería 2027-F-10
Sublocalización o colección R.48375
Holdings
Estatus retirado Estado de pérdida Estado de daño No para préstamo Colección Biblioteca de origen Biblioteca actual Ubicación en estantería Fecha de adquisición Fuente de adquisición Total de préstamos Signatura topográfica completa Código de barras Visto por última vez Precio de reemplazo Tipo de ítem Koha
        Colección de folletos Biblioteca del Ateneo de Madrid Biblioteca del Ateneo de Madrid Depósito folletos 17/01/2008     2027-F-10 1088472 23/02/2023 23/02/2023 Folleto